000 00795cam a2200241 a 4500
001 000004419
005 20200929151435.0
008 960220s1996 sp 000 f spa
020 _a9501515907
040 _aDO-SdBNP
_cDLC
_dDLC
_dOCoLC
_dDLC
041 1 7 _aspa
_heng
_2Código de idioma MARC
082 _a823.914
_bW516f
100 1 _aWest, Morris L.,
_d1916-1999
_912982
245 1 3 _aAl final del camino /
_cMorris West ; traducción, Carlos Gardini.
260 _aBuenos Aires :
_bJavier Vergara,
_c1996.
300 _a304 p. ;
_c22 cm.
534 _aTítulo original: Vanishing point.
650 4 _aNovela inglesa
_91071
650 4 _aLiteratura inglesa
_9498
700 1 _aGardini, Carlos,
_etr.
_912983
700 1 _aVergara, Javier,
_eed.
_912864
910 _aCatalogación por copia / LC
999 _c4228
_d4228